Հայերենի տերմինագիտության հարցեր / (Record no. 381184)
[ view plain ]
| 000 -LEADER | |
|---|---|
| fixed length control field | 01320nam a2200241 i 4500 |
| 003 - CONTROL NUMBER IDENTIFIER | |
| control field | AM-YeHGA |
| 005 - DATE AND TIME OF LATEST TRANSACTION | |
| control field | 20250618074635.0 |
| 008 - FIXED-LENGTH DATA ELEMENTS--GENERAL INFORMATION | |
| fixed length control field | 170303s2016 ai ||||fr|||||00||||arm|| |
| 020 ## - INTERNATIONAL STANDARD BOOK NUMBER | |
| International Standard Book Number | 9789939503325 |
| 040 ## - CATALOGING SOURCE | |
| Original cataloging agency | AM-YeHGA |
| 041 0# - LANGUAGE CODE | |
| Language code of text/sound track or separate title | Armenian |
| 090 ## - LOCALLY ASSIGNED LC-TYPE CALL NUMBER (OCLC); LOCAL CALL NUMBER (RLIN) | |
| -- | 383111 |
| 100 1# - MAIN ENTRY--PERSONAL NAME | |
| Personal name | Տիոյան, Սուսաննա Կարապետի, |
| Dates associated with a name | 1945- |
| 9 (RLIN) | 4067 |
| 245 10 - TITLE STATEMENT | |
| Title | Հայերենի տերմինագիտության հարցեր / |
| Statement of responsibility, etc. | Սուսաննա Տիոյան ; ՀՀ գիտությունների ազգային ակադեմիա, Հ. Աճառյանի անվան լեզվի ինստիտուտ. |
| 260 ## - PUBLICATION, DISTRIBUTION, ETC. | |
| Place of publication, distribution, etc. | Երևան : |
| Name of publisher, distributor, etc. | Ասողիկ, |
| Date of publication, distribution, etc. | 2016. |
| 300 ## - PHYSICAL DESCRIPTION | |
| Extent | 139 էջ ; |
| Dimensions | 21 սմ. |
| 504 ## - BIBLIOGRAPHY, ETC. NOTE | |
| Bibliography, etc. note | Տողատակում՝ մատենագիտական ծանոթագրություններ: Մատենագիտություն՝ էջ 135-139 հայերեն և ռուսերեն: |
| 504 ## - BIBLIOGRAPHY, ETC. NOTE | |
| Bibliography, etc. note | Ցանկեր՝ էջ 115-134: |
| 650 14 - SUBJECT ADDED ENTRY--TOPICAL TERM | |
| Topical term or geographic name entry element | Հայոց լեզու |
| General subdivision | Տերմինաբանություն |
| 710 0# - ADDED ENTRY--CORPORATE NAME | |
| Corporate name or jurisdiction name as entry element | Հայաստանի Հանրապետություն : |
| Subordinate unit | Գիտությունների ազգային ակադեմիա : |
| -- | Հրաչյա Աճառյանի անվան լեզվի ինստիտուտ |
| 856 4# - ELECTRONIC LOCATION AND ACCESS | |
| Uniform Resource Identifier | <a href="https://arar.sci.am/dlibra/publication/290568/edition/266789/content">https://arar.sci.am/dlibra/publication/290568/edition/266789/content</a> |
| Link text | Կարդալ առցանց |
| 942 ## - ADDED ENTRY ELEMENTS (KOHA) | |
| Source of classification or shelving scheme | Universal Decimal Classification |
| Koha item type | Գրքեր / Books |
| Withdrawn status | Lost status | Source of classification or shelving scheme | Damaged status | Not for loan | Collection | Home library | Current library | Date acquired | Total checkouts | Full call number | Barcode | Date last seen | Price effective from | Koha item type | Public note |
|---|---|---|---|---|---|---|---|---|---|---|---|---|---|---|---|
| Universal Decimal Classification | General | Fundamental Scientific Library | Fundamental Scientific Library | 13/04/2017 | AII/102206 | FL0444759 | 13/04/2017 | 13/04/2017 | Գրքեր / Books | 30 Days Loan | |||||
| Universal Decimal Classification | General | Fundamental Scientific Library | Fundamental Scientific Library | 13/04/2017 | AII/102207 | FL0444760 | 13/04/2017 | 13/04/2017 | Գրքեր / Books | 30 Days Loan |
ՀՀ Գիտությունների ազգային ակադեմիայի հիմնարար գիտական գրադարան = Fundamental Scientific Library of NAS RA
All site content, except where otherwise noted, is licensed under a